| 000 | 01308nam a2200325Ia 4500 | ||
|---|---|---|---|
| 001 | ebr10171533 | ||
| 003 | CaPaEBR | ||
| 006 | m u | ||
| 007 | cr cn||||||||| | ||
| 008 | 060816s2007 nyu sb 001 0 eng d | ||
| 010 | _z 2006049649 | ||
| 020 | _z1403975337 (alk. paper) | ||
| 040 |
_aCaPaEBR _cCaPaEBR |
||
| 035 | _a(OCoLC)560496491 | ||
| 043 | _an-us--- | ||
| 050 | 1 | 4 |
_aLC243.A1 _bG37 2007eb |
| 082 | 0 | 4 |
_a378.1/06 _222 |
| 245 | 0 | 0 |
_aGender and educational philanthropy _h[electronic resource] : _bnew perspectives on funding, collaboration, and assessment / _cedited by Alice E. Ginsberg and Marybeth Gasman. |
| 260 |
_aNew York : _bPalgrave Macmillan, _c2007. |
||
| 300 | _axvi, 261 p. | ||
| 504 | _aIncludes bibliographical references and index. | ||
| 533 |
_aElectronic reproduction. _bPalo Alto, Calif. : _cebrary, _d2009. _nAvailable via World Wide Web. _nAccess may be limited to ebrary affiliated libraries. |
||
| 650 | 0 |
_aEndowments _zUnited States. |
|
| 650 | 0 |
_aSexism in education _zUnited States. |
|
| 655 | 7 |
_aElectronic books. _2local |
|
| 700 | 1 | _aGinsberg, Alice E. | |
| 700 | 1 | _aGasman, Marybeth. | |
| 710 | 2 | _aebrary, Inc. | |
| 856 | 4 | 0 |
_uhttp://site.ebrary.com/lib/rucke/Doc?id=10171533 _zAn electronic book accessible through the World Wide Web; click to view |
| 999 |
_c249156 _d249156 |
||